| 000 | 00783nam a22002417a 4500 | ||
|---|---|---|---|
| 001 | 3517 | ||
| 003 | FISKH | ||
| 005 | 20240315103027.0 | ||
| 008 | 240315b cb ||||| |||| 00| 0 eng d | ||
| 040 |
_aFISK _beng _cFISK _dFISK |
||
| 050 | _aPZ7.K8369 | ||
| 082 | _a813.54 | ||
| 100 |
_aKorman Gordon _d1963- |
||
| 245 |
_aFramed / _cGordon Korman |
||
| 260 |
_aNew York : _bScholastic, _c2011 |
||
| 300 |
_a234 pages : _c20 cm |
||
| 505 | _aM | ||
| 520 | _aGriffin Bing is in big trouble when a Super Bowl ring disappears from his middle school's display case, replaced by Griffin's retainer, and the more he and his friends investigate, the worse his situation becomes. | ||
| 521 | 8 |
_a730 _bLexile |
|
| 700 | _aGordon Korman | ||
| 942 |
_2ddc _cBK _n0 |
||
| 999 |
_c3517 _d3517 |
||